| 000 | 004400000a22001690004500 | ||
|---|---|---|---|
| 003 | MACL | ||
| 005 | 20151222131830.0 | ||
| 008 | 151222b xxu||||| |||| 00| 0 eng d | ||
| 040 |
_aMACL _cMACL |
||
| 041 | _aEnglish | ||
| 082 | _a920/SAN | ||
| 100 |
_aSanderson, Edgar _921873 |
||
| 245 |
_aKing Edward VII _bHis Life and Reign Vol 1 |
||
| 260 | _bThe Gresham Publishing Company | ||
| 650 |
_aBiography _921874 |
||
| 942 |
_cBK _k920/SAN _2ddc |
||
| 999 |
_c40764 _d40764 |
||